Statistiques concernant États majoritairement non reconnus

Cliquez ici pour prendre le quiz!

Statistiques générales

  • Ce quiz a été pris 169 fois
  • Le résultat moyen est 9 sur 11

Statistiques - réponses

États majoritairement non reconnusPays revendiquant% Correct
TaïwanChine
99%
TibetChine
99%
Chypre du NordChypre
92%
PountSomalie
92%
SomalilandSomalie
92%
République arabe sahraouie démocratiqueMaroc
81%
AbkhazieGéorgie
79%
Ossétie du sudGéorgie
79%
Haut-KarabaghAzerbaïdjan
66%
TransnistrieMoldavie
64%
AzawadMali
19%

Distribution des résultats

Percentile par nombre de réponses

% des personnes avec chaque résultat

Votre développement - résultats

Vous n’avez pas pris ce quiz